Normal view
MARC view
- Apocalyptic literature
Entry Topical Term
001 - CONTROL NUMBER
- control field: 86331
003 - CONTROL NUMBER IDENTIFIER
- control field: KE-NaSUL
005 - DATE AND TIME OF LATEST TRANSACTION
- control field: 20250825171511.0
008 - FIXED-LENGTH DATA ELEMENTS
- fixed length control field: 250825|| aca||aabn | a|a d
040 ## - CATALOGING SOURCE
- Original cataloging agency: KE-NaSUL
- Transcribing agency: KE-NaSUL
150 ## - HEADING--TOPICAL TERM
- Topical term or geographic name as entry element: Apocalyptic literature
- General subdivision: History and criticism
670 ## - SOURCE DATA FOUND
- Source citation: Work cat.: (KE-NaSUL)56469: Hill, Leslie, 1949- 83721, Marguerite Duras, 1993.